Teachers DOS 6 & 6.2 / (Record no. 135989)

MARC details
000 -LEADER
fixed length control field 00684nam a22002417a 4500
005 - DATE AND TIME OF LATEST TRANSACTION
control field 20170124110253.0
010 ## - LIBRARY OF CONGRESS CONTROL NUMBER
LC control number B-044065
020 ## - INTERNATIONAL STANDARD BOOK NUMBER
Terms of availability 335.00
International Standard Book Number 8170296129
035 ## - SYSTEM CONTROL NUMBER
System control number B-044065
037 ## - SOURCE OF ACQUISITION
Source of stock number/acquisition Cen Lib/Ret
040 ## - CATALOGING SOURCE
Original cataloging agency DPL
Language of cataloging EN
082 ## - DEWEY DECIMAL CLASSIFICATION NUMBER
Classification number 005.43
Item number TEA
110 ## - MAIN ENTRY--CORPORATE NAME
Corporate name or jurisdiction name as entry element PC Learning Labs
9 (RLIN) 99967
245 ## - TITLE STATEMENT
Title Teachers DOS 6 & 6.2 /
246 ## - VARYING FORM OF TITLE
Remainder of title
260 ## - PUBLICATION, DISTRIBUTION, ETC. (IMPRINT)
Place of publication, distribution, etc New Delhi
Name of publisher, distributor, etc BPB Publications
Date of publication, distribution, etc 1995
270 ## - ADDRESS
City New Delhi
Address B-14, connaught place
Postal code 110001
300 ## - PHYSICAL DESCRIPTION
Extent xxxiv, 474p.
Dimensions 22cm(Hb)
500 ## - GENERAL NOTE
General note Includes index
650 ## - SUBJECT ADDED ENTRY--TOPICAL TERM
Topical term or geographic name as entry element Computer science -- DOS
9 (RLIN) 99968
650 ## - SUBJECT ADDED ENTRY--TOPICAL TERM
Topical term or geographic name as entry element Disck Operating Systems
9 (RLIN) 99969
942 ## - ADDED ENTRY ELEMENTS (KOHA)
Source of classification or shelving scheme Dewey Decimal Classification
Koha item type English Books
Classification part 005.43
Call number suffix TEA
Holdings
Withdrawn status Lost status Damaged status Not for loan Home library Current library Date acquired Source of acquisition Cost, normal purchase price Total Checkouts Full call number Barcode Date last seen Copy number Cost, replacement price Price effective from Koha item type
        Central Library Central Library 12/10/2015 Cen Lib/Ret 0.00   005.43 TEA B-044065 12/10/2015 1 0.00 12/10/2015 English Books

© Delhi Public Library
Hit Counter
free hit counter